000 00836cam a2200193 4500
001 WB3822-12
008 020618n2002 000 0 eng u
035 _a(Sirsi) u118432
245 _aHousebuilding - starts and completions
260 _c2002
490 _aRICS News Service
_v14 June 2002, (2)
520 _aHousebuilding statistics for April 2002 show 17 700 dwellings were completed compared to 14 200 in April 2001. RICS News Release: http://www.rics.org/ricscms/bin/show?class=News&template=/includes/shownews.html&id=2789 for Housebuilding Starts and Completions: Great Britain - April 2002 http://www.housing.odpm.gov.uk/research/hss/housebuild/april/index.htm
590 _aWB
650 _aHOUSE BUILDING
650 _aNEW DWELLINGS
650 _aHOUSING COMPLETIONS
690 _aHOUSING-DEVELOPMENT
942 _n0
999 _c70492
_d70492